| 000 | 01365cam a2200385 cc4500 | ||
|---|---|---|---|
| 001 | 1017730032 | ||
| 003 | DE-627 | ||
| 005 | 20250527121331.0 | ||
| 007 | tu | ||
| 008 | 180403s2017 gw ||||| 00| ||ger c | ||
| 020 | _a9783770496082 | ||
| 035 | _a(DE-627)1017730032 | ||
| 035 | _a(DE-599)GBV1017730032 | ||
| 035 | _a(OCoLC)1012838604 | ||
| 040 |
_aDE-627 _bger _cDE-627 _erda |
||
| 041 |
_ager _hjpn |
||
| 044 | _cXA-DE | ||
| 100 | 1 |
_aShinkai, Makoto _d1973- _eVerfasserIn _0(DE-588)139372415 _0(DE-627)610261134 _0(DE-576)311427529 _4aut |
|
| 245 | 1 | 0 |
_aYour name. _n2 _cAutor: Makoto Shinkai ; Art: Ranmaru Kotone ; aus dem Japanischen von Claudia Peter ; Textbearbeitung: Etsche Hoffmann-Mahler |
| 250 | _aDeutschsprachige Ausgabe, 3. Auflage | ||
| 264 | 1 |
_aBerlin _bEgmont Verlagsgesellschaften mbH _c[2017] |
|
| 300 | _a152 Seiten | ||
| 336 |
_aunbewegtes Bild _bsti _2rdacontent |
||
| 336 |
_aText _btxt _2rdacontent |
||
| 337 |
_aohne Hilfsmittel zu benutzen _bn _2rdamedia |
||
| 338 |
_aBand _bnc _2rdacarrier |
||
| 490 | 0 | _aEgmont Manga | |
| 500 | _aÜberwiegend Illustrationen (zum Teil farbig) | ||
| 700 | 1 |
_aKotone, Ranmaru _eKünstlerIn _4art |
|
| 700 | 1 |
_aPeter, Claudia _eÜbersetzerIn _4trl |
|
| 700 | 1 |
_aHoffmann-Mahler, Etsche _eMitwirkendeR _4ctb |
|
| 773 | 1 | 8 |
_w(DE-627)100075328X _g2 _q2.2018 _7nnam |
| 942 |
_2ddc _cMGA _n0 |
||
| 951 | _aMV | ||
| 999 |
_c1271 _d1271 |
||